000 00753nam a2200241Ia 4500
005 20220317001204.0
008 160825s2000 sp g 000 0 spa
020 _a8489715130
100 1 _aIrving, Washington
_d1783-1859
245 1 0 _aCuentos de la Alhambra
_cWashington Irving
250 _a1a. edición
300 _a256 páginas
_c18 cm
650 1 4 _2LEMB
_aCuentos estadounidenses
_ySiglo XIX
650 1 4 _2LEMB
_aLiteratura estadounidense
_ySiglo XIX
650 1 4 _2LEMB
_aMoros en la literatura
942 _2loc
_cBKLIT
264 _aMadrid
_bAlba
_c2000
336 _atexto
_btxt
_2rdacontent
337 _asin mediación
_bn
_2rdamedia
338 _avolumen
_bnc
_2rdacarrier
040 _aCO-BoRNBP
_bspa
_erda
_cCO-BoRNBP
084 _aC IRV1
999 _c6187
_d6187